[Event "Candidates Tournament Gp1"]
[Site "Dortmund"]
[Date "2002.07.09"]
[Round "4"]
[White "Lutz, Christopher"]
[Black "Gelfand, Boris"]
[Result "1/2-1/2"]
[WhiteElo "2650"]
[BlackElo "2710"]
[Annotator "Tyomkin,D"]
[PlyCount "53"]
[EventDate "2002.07.06"]
[EventType "tourn"]
[EventRounds "6"]
[EventCountry "GER"]
[EventCategory "18"]
[SourceTitle "CBM 090"]
[Source "ChessBase"]
[SourceDate "2002.09.20"]
[SourceVersion "1"]
[SourceVersionDate "2002.09.20"]
[SourceQuality "1"]

1. e4 c5 2. Nf3 d6 3. d4 cxd4 4. Nxd4 Nf6 5. Nc3 a6 6. Bg5 e6 7. f4 Nbd7 8. Qf3
Qc7 9. O-O-O b5 10. Bxb5 axb5 11. Ndxb5 Qb8 12. e5 Ra5 {Tyomkin,D: '12...Bb7
is another principle move, and probably black can reach the balance this way:'}
(12... Bb7 {(Tyomkin,D) Ernst} 13. Qe2 dxe5 14. Qc4 Be7 15. Nc7+ Kf8 16. Rxd7
Nxd7 17. Bxe7+ $5 {Eine sehr interessante Neuerung in dieser
Wild-West-Variante!} (17. Rd1 {(Tyomkin,D) Ernst} Bxg5 18. fxg5 Bc8 19. N3b5 g6
$13 {Kengis - Dvojris, URS 1982.}) 17... Kxe7 18. Rd1 Bd5 19. N3xd5+ exd5 20.
Nxd5+ Kd8 (20... Kf8 {(Tyomkin,D) Ernst} 21. Nc7 $36) 21. Nb4 Qc7 22. Qxf7 Ra5
23. Nd5 Rxd5 24. Rxd5 Re8 25. Qxg7 exf4 26. Qf6+ Kc8 27. Qa6+ Kd8 28. Qf6+ Kc8
29. Qg7 Kd8 30. Qxh7 {1/2-1/2 Van der Wiel,J-Renet,O/Cannes 1992/CBM 28/[Ernst]
(30)}) 13. exf6 gxf6 14. Bh6 Bxh6 15. Nxd6+ Ke7 16. Kb1 Rd8 {Tyomkin,D: '16...
Nb6 is interesting too, but 16...Rd8 looks much more logical;'} (16... Nb6 {
Tyomkin,D} 17. Nce4 $5 (17. Qe4 {Tyomkin,D} Rd8 18. Qb4 (18. Ndb5 $6 {Tyomkin,D
} Rxb5 (18... Qxf4 $5 {Tyomkin,D} 19. Qc6 Nd7 20. Rxd7+ Rxd7 21. Qc5+ Qd6 $1)
19. Nxb5 Nd5 (19... Qxf4 {Tyomkin,D} 20. Qc6 Nd5 21. Qc5+ Ke8 22. Rxd5 $1 $18)
20. c4 Ba6 21. cxd5 Qxb5 22. Rhe1 Bb7 23. Qxh7 Bxd5 24. Qxh6 Rb8 25. Rd2 Bxa2+
$1 $19 {0-1 Balashov,Y-Polugaevsky,L/Manila 1976/IZT (33)}) 18... Rxd6 19. Rxd6
Qxd6 20. Qxa5 Bxf4 21. Rd1 Nc4 22. Qa7+ Qc7 23. Qxc7+ Bxc7 24. Rd4 Ne3 25. Re4
Nxg2 (25... Bb6 $5 {Tyomkin,D}) 26. Nd5+ Kd8 27. Nxf6 Bxh2 28. Rd4+ Ke7 29.
Ng8+ Ke8 30. Nf6+ {1/2-1/2 Dimitrov,V-Genov,P/BUL 1995/EXT 97 (30)}) 17... Na4
$2 (17... Nd5 $142 {Tyomkin,D} 18. c4 $36 {[%cal Gc4c5,Gf4f5]}) 18. Nxc8+ Rxc8
19. Qa3+ Nc5 20. Qxa5 Nxe4 21. Qa3+ Nc5 22. g3 $16 {1-0 Psakhis,L-Anikaev,Y/
Frunze 1979/MCL (35)}) 17. Rhe1 {Tyomkin,D: 'That's the best move for white
here;'} ({Black is completely safe in the following line:} 17. Nce4 {Tyomkin,D}
Bg7 $5 (17... Bb7 {Tyomkin,D} 18. Qc3 Ra4 19. Nxb7 Qxb7 20. Rxd7+ Rxd7 21.
Qxf6+ Ke8 22. Qh8+ Bf8 23. Nf6+ Ke7 24. Ng8+ (24. Nxd7 {Tyomkin,D} Qxd7 $15 {
0-1 Pokojowczyk,J-Staniszewski,P/POL-ch 1986/MCL (30)}) 24... Kd8 25. Nf6 $11)
(17... Qa8 $5 {Tyomkin,D} 18. Qb3 Bxf4 (18... Nc5 $4 {Tyomkin,D} 19. Qb6 $18 {
[%cal Rd6f5,Re4c5] 1-0 Vasiesiu,D-Tugui,A/Tusnad 1997/EXT 99 (28)}) 19. Nxc8+
Rxc8 20. Qb4+ Nc5 21. Nxc5 Raxc5 22. Qxf4 Rxc2 $11) 18. Qc3 Ra6 19. f5 Kf8 20.
Rhf1 (20. Nxc8 {Tyomkin,D} Rxc8 21. Qd3 Qa8 $1 22. Qxd7 $140 Rxa2 23. Qxc8+
Qxc8 24. Kxa2 Qc4+ $19) 20... Ne5 $17 {0-1 Kengis,E-Dvoirys,S/Vilnius 1984/MCD
(40)}) ({The way of computer played in this position doesn't give white
anything too:} 17. Qe4 {Tyomkin,D} f5 18. Qd4 Rg8 (18... Ba6 {Tyomkin,D} 19.
Rhe1 $36) 19. Nxc8+ Qxc8 20. Qb4+ Qc5 21. Rxd7+ Kxd7 22. Qb7+ Qc7 $1 (22... Ke8
{Tyomkin,D} 23. Qb8+ Ke7 24. Qxg8 Bxf4 25. Rd1 $14 {black hasn't got enought
comp.; 1-0 Comp WChess-Wolff,P/Boston 1994/EXT 99 (34)}) 23. Rd1+ Rd5 24. Rxd5+
(24. Qxc7+ {Tyomkin,D} Kxc7 $17) 24... exd5 25. Qxd5+ Ke7 26. Qxf5 Qc4 $17) ({
Tactical approach 17.Nxd5 doesn't bring white any success:} 17. Nd5+ {Tyomkin,D
} exd5 18. Nf5+ Kf8 19. Nxh6 Nc5 20. Rhe1 Na4 21. b3 Qb4 22. Re3 Re8 $19 {
0-1 Kengis,E-Shneider,A/Vilnius 1984/MCD (48)}) 17... Nb6 18. Ncb5 {Tyomkin,D:
'The material balance is N+2P of white against pair of black bishops;'} Ba6 {
[%mdl 4] This continuation was analysed in my annotations to the game
Timman-Gelfand;} (18... Rxb5 {(Tyomkin,D) The only way to keep the defense;}
19. Nxb5 Rxd1+ $5 $146 (19... Nc4 {Tyomkin,D} 20. Qb3 Nd2+ (20... Qxf4 {
Tyomkin,D} 21. Qb4+ Ke8 22. Qc5 {[%cal Rb5c7]} Nd2+ $8 23. Ka1 {[%cal Rb5c7,
Rc7d5]} Bb7 24. g3 $1 Qb8 {Otherwise white would check black by Nd6;} 25. Nc7+
(25. Qh5 $16 {[%cal Re1e6] Tyomkin,D}) 25... Kd7 26. Qh5 Kxc7 27. Qxh6 $16 {
[%csl Rf6,Rh7]}) 21. Rxd2 Rxd2 22. Qb4+ Rd6 (22... Ke8 {Tyomkin,D} 23. Qxd2
Qxb5 24. Qc3 $16 {[%csl Rc8,Rf6]}) 23. g3 Bd7 24. Qxd6+ Qxd6 {1/2-1/2 Brodsky,
M-Timoshchenko,G/Moscow 1992/CBM 33 (24) The evaluation of this ending is
principle for the evaluation of all the opening line-9...b5; But, perhaps,
Timman was ready to play this ending vs white for a win;} 25. Nxd6 Kxd6 26. b4
e5 {and black gets some counterplay;}) 20. Rxd1 Bxf4 21. g3 Be5 22. Qa3+ Ke8
23. Nd6+ Bxd6 24. Qxd6 Qxd6 25. Rxd6 Nd5 26. c4 {All was forced till now...}
Ke7 $4 {Black should move the knight instead, but I don't really know what
black can oppose to white passed pawns over the queenside....} (26... Ne3 {
[%cal Ge3f1] (Tyomkin,D) This ending can be compared vs final position of the
game Brodsky,M-Timoshchenko,G(see 19...Nxc4)- black is up a pawn here
comparing vs that ending, but black has pair of bishops there and some
counterplay as well. In both cases, white has chances to win thanx to 3 passed
pawns over the queenside;} 27. c5 Nf1 (27... Ke7 {Tyomkin,D} 28. b4 e5 29. a4
Nf1 30. a5 $18) 28. b4 Nxh2 29. b5 $16 {and white pawns are very dangerous;}) (
26... Ne7 {[%cal Ge7f5] (Tyomkin,D) was possible too, but it is a bit passive;}
27. b4 Nf5 28. Rd3 (28. Rb6 {Tyomkin,D} Ne3 29. b5 Nxc4 30. Rc6 Nd2+ {[%cal
Gc8d7]} 31. Kc1 Bd7 32. Rc7 $16 {[%cal Gb5b6,Ya2a4]}) 28... Bb7 29. Kb2 e5 30.
b5 $16 {and so on;}) 27. Rc6 $18) (18... Rd7 {(Tyomkin,D) -is another way to
repeal white's threat- Nf5+;} 19. Qc6 Kf8 $8 20. Nxc8 Rxd1+ 21. Rxd1 Nxc8 22.
Rd8+ Kg7 23. Qe8 $18) 19. Nf5+ $1 $146 {[%mdl 64] That's the right way to
fight for advantage here;} (19. Qc3 $2 {Tyomkin,D} Rxb5 20. Nxb5 Bxb5 21. Qb4+
Rd6 22. Qxb5 Bxf4 $17 {0-1 Kantsler,B-Kuporosov,V/Sochi 1979/EXT 99 (37)})
19... Kf8 (19... Ke8 $143 20. Rxe6+ $1 (20. Qc6+ Kf8 21. Qc3 {-leads to the
game continuation;}) 20... Kf8 21. Rxd8+ Qxd8 22. Rxb6 $1 Bxb5 (22... Qxb6 23.
Qa8+) 23. Rd6 $18) 20. Qc3 $1 {[%csl Ra5,Rf6][%mdl 64] Forced move again as
the whole line actually!} Rxb5 21. Qxf6 {[%cal Rf6h8]} Rxb2+ $1 {[%mdl 64]
Black would lose it on the spot without this counterblow;} 22. Qxb2 (22. Ka1
Rxa2+ 23. Kxa2 Bc4+ $19 {developing mating attack;}) 22... Nd5 23. Rxd5 $1 {
[%mdl 64] Another forced blow continues the series;} (23. Nxh6 Nc3+ $19) 23...
Qxb2+ (23... exd5 24. Nxh6 $18) 24. Kxb2 Bg7+ $1 {[%mdl 64] This check makes
sense- white knight gonna get trapped there; But I am sure all this was
home-prepared by Boris;} (24... Rxd5 25. Nxh6 Rd2 26. g3 Rxh2 27. Ng4 Rh3 {
[%cal Gh7h5] vs some chances to save the game;}) 25. Nxg7 Rxd5 26. Nxe6+ fxe6
27. Rxe6 (27. Rxe6 Bf1 $1 {intending to grab g2 but also to start checking
white king over 5th rank- rook and bishop combine well in this;} 28. g3 Rb5+ {
[%cal Gb5a5,Gb5c5]} 29. Kc3 Rc5+ 30. Kd2 Bc4 $11 {[%csl Ya2]}) 1/2-1/2

[Event "VISA GP"]
[Site "Reykjavik"]
[Date "1998.03.11"]
[Round "2"]
[White "Hector, Jonny"]
[Black "Hillarp Persson, Tiger"]
[Result "1-0"]
[WhiteElo "2505"]
[BlackElo "2410"]
[Annotator "Tyomkin,D"]
[PlyCount "65"]
[EventDate "1998.03.10"]
[EventType "swiss"]
[EventRounds "9"]
[EventCountry "ISL"]
[SourceTitle "CBM 064"]
[Source "ChessBase"]
[SourceDate "1998.06.02"]
[SourceVersion "1"]
[SourceVersionDate "1998.06.02"]
[SourceQuality "1"]

1. e4 c5 2. Nf3 d6 3. d4 cxd4 4. Nxd4 Nf6 5. Nc3 a6 6. Bg5 e6 7. f4 Qc7 8. Qf3
b5 9. a3 Nbd7 10. g4 Be7 $146 (10... Rb8 11. Bxf6 Nxf6 12. f5 b4 13. axb4 Rxb4
14. O-O-O e5 15. Nb3 Bb7 16. Bd3 d5 $132 {Bjornsson,T-Wojtkiewicz,A/Reykjavik
op 1990/1-0(34)}) 11. Bxf6 gxf6 $6 (11... Bxf6 $5 12. O-O-O {[%cal Gg4g5]} g5
$5 13. f5 $140 Ne5) 12. f5 Ne5 13. Qh3 Qb6 14. Nce2 {[%csl Re6][%cal Ge1c1,
Ye2f4]} Nc6 $6 15. Nxc6 Qxc6 16. O-O-O Qc5 17. Nf4 Ra7 18. Rd2 Bd8 $6 (18...
Qe5 19. Nd3 (19. Qe3 Qc5) 19... Qxe4 20. Bg2 Qc4 21. fxe6 Bxe6 22. Qe3 $16) 19.
Bg2 Ba5 20. c3 Bd8 21. Rhd1 a5 $2 (21... Be7 22. fxe6 Bxe6 (22... fxe6 23. Ng6
$1) 23. Nxe6 fxe6 24. g5 $16) 22. fxe6 fxe6 23. Rxd6 $18 Be7 24. Nxe6 Bxe6 25.
Rxe6 Kf7 {[%tqu "En","White rook is attacked. What to do?","","","g4g5","This
move begins briiliant attack of white!",10]} 26. g5 $1 {This move begins
brilliant attack of white!} Qxg5+ 27. Kb1 b4 28. Rc6 bxa3 {[%tqu "En","How to
continue the attack?","try to open files,and to insert pieces to the attack",
"","e4e5","",10]} 29. e5 $1 {[%cal Gg2d5]} Qxe5 $2 (29... Qg6+ 30. Ka2 axb2 {
[%cal Rb2b1]} (30... Rb8 31. Bd5+ Kg7 32. exf6+ Bxf6 {[%tqu "En","","","",
"c6f6","",5]} 33. Rxf6 $3 Rxb2+ 34. Kxa3 $18) 31. Be4 (31. exf6 b1=Q+ $11)
31... Qg5 (31... Qxe4 32. Qe6+ Kg6 33. Rg1+ Kh5 34. Qf7+ $18) 32. exf6 Bxf6 33.
Qe6+ Kg7 {[%tqu "En","","","","d1g1","",10]} 34. Rg1 $3 b1=Q+ 35. Bxb1) (29...
axb2 30. exf6 Qg6+ (30... Bxf6 31. Rf1 Qg6+ 32. Rf5 $18) 31. Kxb2 Rb8+ 32. Ka1
Ba3 33. Qe6+ Kf8 34. Rc8+ Rxc8 35. Qxc8+ Kf7 36. Bd5+ Kxf6 37. Qe6+ Kg7 38.
Qe5+ $18) (29... fxe5 30. Rf1+ Kg7 31. Rf5 Qh4 32. Qe3 $18 {[%cal Re3e5]}) 30.
Bd5+ Kf8 31. Qc8+ Kg7 32. Rg1+ Kh6 33. Qh3+ (33. Qh3+ Qh5 34. Qe3+ Qg5 35.
Qxg5#) 1-0

[Event "DEN-ch"]
[Site "Taastrup"]
[Date "1998.04.05"]
[Round "2"]
[White "Sahl, Bjarke"]
[Black "Hansen, Curt"]
[Result "0-1"]
[WhiteElo "2430"]
[BlackElo "2595"]
[Annotator "Tyomkin,D"]
[PlyCount "98"]
[EventDate "1998.04.04"]
[EventType "tourn"]
[EventRounds "9"]
[EventCountry "DEN"]
[EventCategory "9"]
[SourceTitle "CBM 065"]
[Source "ChessBase"]
[SourceDate "1998.08.06"]
[SourceVersion "1"]
[SourceVersionDate "1998.08.06"]
[SourceQuality "1"]

{[%mdl 6180]} 1. e4 c5 2. Nf3 d6 3. d4 cxd4 4. Nxd4 Nf6 5. Nc3 a6 6. Bg5 e6 7.
f4 Nbd7 8. Qe2 Be7 9. O-O-O Qc7 10. Nf3 (10. g4 h6 (10... b5 11. a3 Bb7 12.
Bxf6 Nxf6 13. g5 Nd7 14. h4 Nb6 15. Kb1 Nc4 16. Rh3 Rc8 17. f5 e5 18. Nb3 h6
$15 {Lanka,Z-Azmaiparashvili,Z/UR-chYM 1980/0-1(41)}) 11. Bxf6 (11. Bh4 g5 12.
fxg5 Nh7 13. Nf5 hxg5 14. Bg3 Ne5 15. Nxe7 Kxe7 16. h4 $16 {Howell,
J-Timoshchenko,G/Hastings Challengers 1991/1-0(30)}) 11... Bxf6 (11... gxf6 12.
Bg2 Nb6 13. h4 Bd7 14. g5 hxg5 15. hxg5 O-O-O 16. g6 fxg6 17. Bh3 Rxh3 18. Rxh3
e5 19. Ncb5 $13 {Bratko-Martinovic,S/Dravograd 1963/1/2-1/2 (49)}) 12. Bg2 Nb6
13. h4 Bd7 14. Rh3 h5 15. f5 hxg4 16. Qxg4 O-O-O 17. fxe6 fxe6 18. e5 $2 (18.
Nxe6 $5) 18... Bxe5 19. Ne4 $2 Bxd4 $19 {Stein,L-Najdorf,M/Mar del Plata 1965/
0-1(29)}) (10. g3 O-O 11. Bg2 Rb8 12. h4 b5 13. e5 dxe5 14. Nc6 Bd6 15. Rxd6
$18 {Prie,E-Beran,J/Clichy 1990/1-0(27)}) 10... h6 $146 (10... Nb6 11. Kb1 (11.
e5 dxe5 12. Nxe5 O-O 13. g3 h6 14. Bh4 Bd7 15. Bg2 Bb5 16. Qf3 g5 17. fxg5 hxg5
18. Rhe1 Nh7 19. Qh5 Be8 $19 {Kavalek,L-Ljubojevic,L/Las Palmas 1974/0-1(29)})
11... h6 12. Bh4 d5 $2 13. exd5 Nbxd5 14. Nxd5 Nxd5 15. Bxe7 $16 {Wegener,
D-Heinemann,T/BL9394 1994/1-0(37)}) 11. Bh4 {[%cal Ge4e5]} Nb6 12. g4 e5 (12...
Nxg4 $6 13. Bxe7 Qxe7 14. Rg1 Nf6 15. Rxg7 $16 Nh5 16. Rg1 Nxf4 $2 17. Qe3 {
[%cal Ge3b6,Ge3f4]}) 13. Bxf6 Bxf6 14. f5 Bd7 15. h4 Be7 16. Kb1 (16. Nd2 $5 {
[%csl Gd5][%cal Gd2c4] Trying to get control over important d5 square}) 16...
Bc6 $132 {[%cal Ge8c8,Gd6d5]} 17. Rh3 (17. Bg2 $5 O-O-O 18. g5 (18. Ne1 {
[%cal Ge1d3,Gd3b4]} Bf6 19. Nd3 d5 20. exd5 Nxd5 21. Bxd5 Bxd5 22. Nxd5 Rxd5
$15 {[%csl Rh4]}) 18... d5 19. exd5 Nxd5 20. Nxd5 Bxd5 21. Rhe1 hxg5 22. hxg5
e4 $36) 17... O-O-O {[%cal Gd6d5]} 18. Nd5 Bxd5 (18... Nxd5 $5 19. exd5 Bd7 20.
Nd4 {[%cal Gh3c3]} Kb8 $13) 19. exd5 Kb8 20. Ne1 Rc8 21. Ng2 Qc4 22. Rb3 Qxe2
23. Bxe2 Ka7 $15 {[%csl Rg2,Rh4] After dubious maneur Nf3-e1-g2 black get over
the initiative.} 24. Rbd3 Rhe8 25. b3 e4 26. Rg3 Nd7 27. c4 Nc5 {[%cal Ga6a5,
Ge7f6,Gf6e5]} 28. g5 hxg5 29. hxg5 Rh8 $17 30. Rd4 (30. b4 Na4 $17 {[%csl Rc4,
Rg5][%cal Gh8h2,Re7g5] And in white's position is to many weaknesses.}) 30...
a5 {[%csl Gc5]} 31. Kb2 Bd8 $1 32. a3 Bb6 {[%cal Rc5a4]} 33. Rd1 Rh2 34. b4 Nd7
{[%csl Rc4][%cal Gd7e5,Rb6f2]} 35. Rf1 Rch8 36. Kb3 R8h3 37. Rxh3 Rxh3+ $19 {
Inspite of material balance white's position is hopeless.} 38. Ka4 $8 (38. Ka2
Rh2 39. Nf4 Be3 $19 {[%csl Re2]}) 38... Rg3 39. Nf4 Rxg5 40. c5 dxc5 41. bxa5
Bd8 (41... Bc7 $19) 42. d6 Rxf5 43. Bg4 Rf6 44. Bxd7 g5 {Rest of the game is
easy job for black.} 45. Ne6 Rxf1 46. Nxd8 Rf6 47. Be6 (47. Bg4 Rxd6 48. Nxf7
Rd4+ 49. Kb5 e3 $19) 47... fxe6 48. d7 {[%cal Rd8c6]} Rf8 49. Nxe6 Rg8 (49...
Rg8 50. d8=Q Rxd8 51. Nxd8 e3 $19) 0-1

[Event "Krynica zt"]
[Site "Krynica"]
[Date "1998.09.02"]
[Round "1"]
[White "Groszpeter, Attila"]
[Black "Nisipeanu, Liviu Dieter"]
[Result "1/2-1/2"]
[WhiteElo "2505"]
[BlackElo "2575"]
[Annotator "Tyomkin,D"]
[PlyCount "48"]
[EventDate "1998.09.02"]
[EventType "swiss"]
[EventRounds "9"]
[EventCountry "POL"]
[SourceTitle "CBM 067"]
[Source "ChessBase"]
[SourceDate "1998.11.30"]
[SourceVersion "2"]
[SourceVersionDate "1998.11.01"]
[SourceQuality "1"]

1. e4 c5 2. Nf3 d6 3. d4 cxd4 4. Nxd4 Nf6 5. Nc3 a6 6. Bg5 e6 7. f4 Qc7 8. Bxf6
gxf6 9. Qd2 h5 $5 $146 {Other moves lead to white's advantage.} (9... Nc6 10.
O-O-O {In this structure white has space advantage and the plan is
well-known-to push f4-f5 with the pressure on e6.} Bd7 (10... Qb6 11. Nf3 Bd7
12. Kb1 O-O-O 13. g3 Kb8 14. Bh3 h5 (14... Na5 15. Qd4 Qxd4 16. Nxd4 Nc6 17.
Nf3 h5 18. Ne2 $14 {Matulovic,M-Georgiev,K/Nis 1981/1/2-1/2(24)}) 15. Rhf1 Bc8
16. Qf2 Qxf2 17. Rxf2 $14 {Matulovic,M-Balashov,Y/JUG-URS 1979/1/2-1/2(38)})
11. Kb1 (11. Nb3 b5 12. Kb1 h5 13. f5 Ne5 14. fxe6 fxe6 15. Nd4 b4 16. Nce2 Bh6
17. Nf4 Bxf4 18. Qxf4 Ke7 19. Be2 $14 {Yudasin,L-Polgar,S/Oviedo rapid45 1992/
1-0 (49)}) (11. Be2 h5 12. Kb1 O-O-O 13. Rhf1 Kb8 14. Nb3 Be7 15. Rf3 $14 {
Savon,V-Yudasin,L/Podolsk 1991/1/2-1/2(26)}) 11... O-O-O (11... h5 12. Bc4
O-O-O 13. Nxc6 Qxc6 14. Bb3 Kb8 15. Rhf1 Qc5 16. Qd3 h4 17. Qh3 Be7 18. f5 Qe5
19. Rde1 Rde8 20. Ne2 Bf8 21. Nf4 $14 {Topalov,V-Anand,V/Dortmund 1997/1-0(41)}
) 12. f5 h5 (12... Kb8 13. Bc4 Nxd4 14. Qxd4 Be7 15. Bb3 Qc5 16. Qd3 $14 {
Shmuter,L-Vaulin,A/St.Petersburg op 1993/1/2-1/2(25)}) (12... Nxd4 13. Qxd4 Be7
14. Bc4 Qc5 15. Qd3 $14 {Aseev-Rashkovsky, Nikolaev 1983}) 13. Nxc6 Qxc6 14.
fxe6 fxe6 15. Qf2 Be7 16. Rd4 b5 17. a4 Qc5 18. axb5 axb5 19. h4 $40 {[%cal
Gh1h3] Brodsky,M-Avrukh,B/Groningen op 1993/1-0(27)}) (9... b5 10. O-O-O (10.
a4 b4 11. Na2 Bb7 12. f5 e5 13. Nb3 Bxe4 14. Nxb4 Nd7 {Matulovic-Vaisman,
Zrenjanin 1980} 15. Bd3 Bb7 16. c4 $14 {Vaisman}) 10... Bb7 11. Bd3 h5 12. Rhe1
Nd7 13. Kb1 Qb6 14. Nb3 O-O-O 15. a4 b4 16. Na2 a5 17. c3 $1 Nc5 18. cxb4 $16 {
Jansa-Ermenkov, Smederevska Palanka 1979}) 10. O-O-O b5 (10... Nc6 {[%cal
Gc8d7,Ge8c8] leads to white's advantage-as you can see in 9...Nc6.}) 11. Kb1
Nd7 12. f5 b4 (12... Ne5 $5 13. Qf2 {[%csl Re6][%cal Gc3e2,Ge2f4]} Ng4 14. Qg3
$14) (12... Nc5 13. Bd3 $16) 13. fxe6 (13. Nce2 e5 14. Nb3 Bb7 15. Qxb4 Rc8 $36
{[%cal Gd6d5]} (15... d5 $2 16. Qa5)) 13... bxc3 14. exd7+ Bxd7 15. Qxc3 Qxc3
16. bxc3 Rg8 {Black is pawn less,but anyway he has good drawing chances after
next activization of Rh8.} 17. g3 Rg5 (17... d5 18. exd5 Ba3 19. Bc4 Rb8+ 20.
Bb3 a5 21. Nc6 $1 $18) 18. Bc4 {[%cal Gc4b3,Gc4d5]} Rc5 {5th rank is perfect
for black rook.Actually this monouevre is typical in this structure.} 19. Bb3
a5 $1 {Playing on initiative.} (19... Rxc3 20. Nf5 (20. Rhf1 {[%csl Rf6][%cal
Gd4f5]} Rb8 21. Nf5 a5) 20... Bxf5 (20... Rc6 21. Rd3 $36 {[%cal Gh1d1]}) 21.
exf5 Rc5 $14 {[%csl Rd6,Rf8,Rh5]}) 20. Rd3 a4 21. Bd5 Rb8+ 22. Ka1 f5 $1 {
[%cal Gf8g7]} 23. Rb1 (23. Re1 Bg7 $1 24. exf5+ Kf8 25. f6 Bxf6 26. Rf3 Kg7 27.
Ref1 Bh3 $1 28. Rxf6 Bxf1 29. Rxf7+ Kg6 $15) (23. Nxf5 Bxf5 24. exf5 Bg7 25.
Re1+ Kf8 26. Ree3 Rcb5 27. Rd1 Rc5 $11) 23... Rxb1+ 24. Kxb1 fxe4 (24... fxe4
25. Bxe4 h4 {And because of few material on the board game should be finished
a draw.}) 1/2-1/2

[Event "CUB-ch"]
[Site "Las Tunas"]
[Date "2001.04.02"]
[Round "2"]
[White "Gongora Reyes, Maikel"]
[Black "Abreu Delgado, Aryam"]
[Result "1/2-1/2"]
[WhiteElo "2417"]
[BlackElo "2480"]
[Annotator "Tyomkin,D"]
[PlyCount "51"]
[EventDate "2001.04.01"]
[EventType "tourn"]
[EventRounds "16"]
[EventCountry "CUB"]
[EventCategory "9"]
[SourceTitle "CBM 083"]
[Source "ChessBase"]
[SourceDate "2001.07.05"]
[SourceVersion "1"]
[SourceVersionDate "2001.07.05"]
[SourceQuality "1"]

1. e4 c5 2. Nf3 d6 3. d4 cxd4 4. Nxd4 Nf6 5. Nc3 a6 6. Bg5 e6 7. f4 Nc6 8. Nxc6
bxc6 9. e5 h6 10. Bh4 g5 11. fxg5 Nd5 12. Ne4 Qb6 13. Bd3 hxg5 14. Bg3 {
Other moves, like 14.Bxg5 and 14.Bf2, are explained in my annotations to the
following game:} (14. Bxg5 {1/2-1/2 Almasi,Z-Leko,P/Budapest 1997/CBM 62/
[Tyomkin,D] (25)}) 14... Nf4 $5 $146 {[%mdl 8] It looks a bit strange, but I
didn't find how white can get some clear advantage;} (14... dxe5 {Tyomkin,D}
15. Bxe5 Rh4 16. Qd2 $5 $146 ({Very important game was played after another
principle move of white:} 16. Qf3 {Tyomkin,D} Be7 17. O-O-O (17. c4 f5 $5 {
or simply 17...Qe3}) 17... Qe3+ (17... f5 18. Nd6+ Bxd6 19. Bxd6 Qe3+ {but
also here black isn't such great, but has chances to save.}) 18. Qxe3 Nxe3 19.
g3 $1 $16 Rh6 20. Rd2 Ng4 (20... Nd5 21. c4 $16) 21. Bg7 f5 (21... Rh3 22. Be2
Rh7 23. Bc3 $16) 22. Bxh6 $18 fxe4 $2 23. Bxe4 Kf7 24. Rf1+ Kg8 {1-0 Lendwai,
R-Ermenkov,E/Miskolc 1990/EXT 97 (24)}) 16... f5 $2 {1-0 Tischbierek,R-Shirov,
A/Germany 2000/CBM 75/[Tyomkin,D] (24) Very risky move, probably leads to the
losing position of black. The right way was to go to the ending:} (16... Qb4
$142 {Tyomkin,D} 17. Qxb4 Bxb4+ 18. c3 Be7 19. Nd6+ Bxd6 20. Bxd6 Bb7 {[%cal
Ge8c8]} 21. O-O-O O-O-O 22. Bc5 {[%csl Ya6,Rb7,Yc6] Black's B is stalled on-b7,
but probably may create a counterplay, which would be enough for equality:}
Rdh8 23. h3 g4 24. Bf2 R4h6 25. h4 Nf4 26. Bf1 c5 $5 $132)) (14... Qxb2 $5 {
This move wasn't tried in practical play, but should be checked properly;} 15.
Rb1 (15. exd6 f5 16. Nxg5 Qc3+ $17 (16... f4 17. Bg6+ Kd7 $17)) 15... Qd4 $132
(15... Qxa2 16. O-O Ne3 17. Qf3 $40 {[%csl Rd6,Rf7]})) 15. Bxf4 gxf4 16. Nxd6+
{There was idea for white to keep the knight out of trade, but the knight
isn't so useful piece in next line:} (16. exd6 Qxb2 (16... f5 17. d7+ $1 $36 {
[%cal Ge4f6]}) 17. O-O f5 $13 {Chances are mutual here;}) 16... Bxd6 17. exd6
Qxb2 18. O-O (18. Rb1 $6 Qc3+) 18... Qd4+ 19. Kh1 Qxd6 20. Be4 $6 {White could
try to develop initiative in the middlegame by moving queen somewhere; Black's
best defense is to play Bb7 and 0-0-0 as soon as possible, even losing f4-pawn.
} (20. Qf3 Bb7 (20... e5 21. Be4 (21. Rae1 Be6 22. Be4 Rc8 {and black holds
it's position;}) 21... Bd7 (21... Rh6 $5 22. Qc3 $44 {[%cal Ga1d1]}) 22. Rad1
Qh6 (22... Qe6 23. Qc3 $44) 23. h3 $44 {[%cal Gf3c3]} f5 $140 24. Rxd7 $1 Kxd7
(24... fxe4 25. Qg4 $132) 25. Bxf5+ Kc7 26. Qc3 {[%cal Gc3e5,Gc3a5] white gets
dangerous attack;}) 21. Rad1 Qc7 22. Qxf4 $11) (20. Qg4 $5 {[%cal Gg4g7,Yf1f4,
Ga1d1]} Bb7 {[%cal Ge8c8]} (20... e5 21. Qg7 $16 {[%cal Ga1e1]}) 21. Rxf4 O-O-O
{and probably black keeps the balance;}) 20... Qxd1 {Now black is safe in the
ending- even it has better chances because of better pawn structure; White can
expect for the draw hoping on activity of it's pieces;} (20... Qc7 $6 21. Qd4
$1 $16 {white queen gains strong outpost in the centre;} e5 $140 22. Bxc6+ $1)
(20... Ke7 21. Qf3 {[%csl Rc6,Rf4][%cal Ga1d1] Middlegame is too dangerous for
black;}) 21. Raxd1 Bd7 (21... Rb8 $5 22. Bxc6+ Ke7 23. Rxf4 Rb2 {the ending is
about draw, but black has some practical chances;}) (21... Ke7 22. Bxc6 Rb8 {
-21...Rb8;}) 22. Rxf4 f5 23. Bf3 Ke7 (23... e5 $2 24. Re1 e4 25. g4 $1 {
and black loses it's central pawns;}) 24. Rc4 {Now white forces draw by
attacking black's weaknesses;} Rhc8 (24... Rac8 25. Ra4 Ra8 26. Rc4 $11) 25.
Rh4 Rh8 26. Rc4 1/2-1/2